000 00608cam a22002291 4500
001 sa 64007813
003 DLC
005 20260227112050.0
008 900205s1962 ii b 000 0 orio
010 _asa 64007813
035 _a(OCoLC)21003496
040 _aDLC
_cWaU
_dDLC
042 _apremarc
050 0 0 _aPK2571
_b.D3
100 1 _aDas, Kunjabihari,
_d1914-
245 1 0 _aĀdhunika Oḍiāsāhityara bhūmi o bhūmikā.
260 _c[1962]
300 _a3, 4, 7, 3, 276, 14 p.
_c22 cm.
500 _aIn Oriya.
504 _aBibliography: p. [1]-14 last group)
650 0 _aOriya literature.
999 _c60511
_d60511